| 000 | 00392nam a22001457a 4500 | ||
|---|---|---|---|
| 003 | OSt | ||
| 005 | 20250715093600.0 | ||
| 008 | 240812b |||||||| |||| 00| 0 eng d | ||
| 020 | _a9583501794 | ||
| 040 | _cCO-JMCR | ||
| 082 |
_a923.286 _bH49u _223 |
||
| 245 |
_aUribe Uribe y Gaitán : _bcaudillos del pueblo / _cJavier Henao Hidrón. |
||
| 300 |
_a343 páginas ; _c21 cm. |
||
| 942 |
_2ddc _cBK |
||
| 999 |
_c30804 _d17188 |
||